| 000 | 00599cab a2200217 4500 | ||
|---|---|---|---|
| 001 | WB3140-51 | ||
| 008 | 090401t1995 xxu||||| |||| 00| 0 eng d | ||
| 035 | _a(Sirsi) u9303 | ||
| 041 | _aeng | ||
| 245 | _aProduction fall hits quota values | ||
| 260 | _c1995 | ||
| 350 | _a0 | ||
| 490 |
_aFarmer`s Guardian _v20 October 1995, 7(1) |
||
| 520 | _aExamines why milk quota leasing prices are falling, mirroring a fall in milk production. | ||
| 650 | _aMILK PRODUCTION | ||
| 650 | _aMILK QUOTA PRICES | ||
| 650 | _aMILK QUOTAS | ||
| 690 | _aRURAL PRACTICE | ||
| 942 | _n0 | ||
| 948 | _c04/03/1997 | ||
| 999 |
_c5788 _d5788 |
||